000 00640cam a2200241 4500
001 M95029
008 090401t1998 xxu||||| |||| 00| 0 eng d
035 _a(Sirsi) u89666
041 _aeng
050 _a690.8
100 _aHooper, Alan J.
245 _aStandardisation, innovation and the housebuilding industry.
260 _aAscot,Berks.
_bCIOB
_c1998
300 _a8p. ; 30cm.
350 _a5
490 _aConstruction Papers
_v95
650 _aHOUSE BUILDING INDUSTRY
650 _aSTANDARDISATION
690 _aBUILT ENVIRONMENT
710 _aChartered Institute of Building
_92134
942 _n0
948 _c13/11/1998
999 _c97483
_d97483